<?xml version="1.0" encoding="UTF-8"?>
<collection xmlns="http://www.loc.gov/MARC21/slim">
 <record>
  <leader>02060nam a2200253 a 4500</leader>
  <controlfield tag="001">TVCDKTCT6798</controlfield>
  <controlfield tag="003">Thư viện trường Cao đẳng Kỹ thuật Cao Thắng</controlfield>
  <controlfield tag="005">20070502000000</controlfield>
  <controlfield tag="008">070502</controlfield>
  <datafield tag="980" ind1="\" ind2="\">
   <subfield code="a">Thư viện Trường CĐ Kỹ Thuật Cao Thắng</subfield>
  </datafield>
  <datafield tag="024" ind1=" " ind2=" ">
   <subfield code="a">RG_1 #1 eb0 i1</subfield>
  </datafield>
  <datafield tag="041" ind1="0" ind2="#">
   <subfield code="a">vie</subfield>
  </datafield>
  <datafield tag="082" ind1="#" ind2="#">
   <subfield code="a">320.531 / </subfield>
   <subfield code="b">CH500NG</subfield>
  </datafield>
  <datafield tag="100" ind1="1" ind2="#">
   <subfield code="a">Trường Đại học Bách Khoa</subfield>
  </datafield>
  <datafield tag="245" ind1="0" ind2="0">
   <subfield code="a">Chủ nghĩa xã hội khoa học : Đề cương bài giảng /</subfield>
   <subfield code="c">Trường Đại học Bách Khoa, Khoa Mác Lê Nin</subfield>
  </datafield>
  <datafield tag="250" ind1="#" ind2="#">
   <subfield code="a">In lần thứ 1</subfield>
  </datafield>
  <datafield tag="260" ind1="#" ind2="#">
   <subfield code="a">H. :</subfield>
   <subfield code="b">Khoa học và Kỹ thuật ,</subfield>
   <subfield code="c">2006</subfield>
  </datafield>
  <datafield tag="300" ind1="#" ind2="#">
   <subfield code="a">62tr. ;</subfield>
   <subfield code="c">21 cm</subfield>
  </datafield>
  <datafield tag="520" ind1="#" ind2="#">
   <subfield code="a">Mục đích của cuốn sách nhằm giúp cho sinh viên trường Đại học Bách Khoa Hà Nội học tập tốt môn chủ nghĩa xã hội khoa học, để thực hiện chủ trương &quot; đổi mới phương pháp giảng dạy, học tập, thi các môn khoa học Mác - LêNin và tư tưởng Hồ Chí Minh theo hướng lấy người học làm trung tâm và sử dụng công nghệ thông tin trong giảng dạy các trường đại học, cao đẳng thuộc các ngành khoa học kĩ thuật ,nâng cao chất lượng giáo dục đào tạo.</subfield>
  </datafield>
  <datafield tag="520" ind1="#" ind2="#">
   <subfield code="a">Cuốn sách được biên soạn dựa trên những tư tưởng cơ bản trong &quot;giáo trình chủ nghĩa xã hội khoa học&quot; của Bộ Giáo dục Đào tạo cũng như &quot;giáo trình chủ nghĩa xã hội khoa học của Hội đồng lý luận Trung Ương biên soạn. Cuốn sách được trình bày nội dung theo một tư duy logic phù hợp với khối sinh viên ngành kĩ thuật.</subfield>
  </datafield>
  <datafield tag="650" ind1="#" ind2="4">
   <subfield code="a">Chính trị</subfield>
  </datafield>
  <datafield tag="650" ind1="#" ind2="4">
   <subfield code="a">chủ nghĩa xã hội khoa học</subfield>
  </datafield>
  <datafield tag="650" ind1="#" ind2="4">
   <subfield code="a">Chủ nghĩa xã hội khoa học-đề cương bài giảng</subfield>
  </datafield>
  <datafield tag="700" ind1="0" ind2="#">
   <subfield code="a">Khoa Mác Lê Nin</subfield>
  </datafield>
 </record>
</collection>
